Los mejores versos para niños

Wedi'i Gadw mewn:
Manylion Llyfryddiaeth
Prif Awdur: Romero, María (Awdur)
Fformat: Llyfr
Iaith:Sbaeneg
Cyhoeddwyd: Santiago Publicaciones Infantiles 1974
Rhifyn:6a. ed
Cyfres:Biblioteca infantil
Pynciau:
Tagiau: Ychwanegu Tag
Dim Tagiau, Byddwch y cyntaf i dagio'r cofnod hwn!

MARC

LEADER 00000nam a2200000 a 4500
001 UCY9947
003 CL-VaPUC
008 950724e19740000CL |||||||||||||||||spa|d
082 0 4 |a Ch861  |b ROM  |2 21 
100 0 |a Romero, María  |e author  |9 342499 
245 1 4 |a Los mejores versos para niños 
250 |a 6a. ed 
300 |a 216 p 
942 |c BK 
945 |d 19950724 00:00:00  |a cmena 
260 |a Santiago  |b Publicaciones Infantiles  |c 1974 
650 0 |a Poesías chilenas   |9 265280 
650 0 |a Niños  |9 255605 
650 0 |a Literatura infantil   |9 307465 
650 0 |a Prosa chilena   |9 267787 
650 0 |a Formas y géneros literarios  |9 324031 
583 |a last modification  |c 19950724 00:00:00  |k Rodrigo Vera 
490 0 |a Biblioteca infantil 
999 |c 236928  |d 236926 
952 |0 0  |1 0  |4 0  |6 CH_861_000000000000000_ROM_1974  |7 0  |8 A  |9 245472  |a BIBEDU  |b BIBEDU  |d 2019-11-18  |i 1537571  |o Ch861 ROM 1974  |p 1537571  |r 2019-11-18  |w 2019-11-18  |y BK  |k EDU